Normal view MARC view
  • Violencia familiar

Entry Materia

Number of records used in: 82

001 - NÚMERO DE CONTROL DEL REGISTRO

  • campo de control: 5665

003 - IDENTIFICADOR DE NUMERO DE CONTROL

  • campo de control: MX-MxUPN

005 - FECHA Y HORA DE LA ÚLTIMA TRANSACCIÓN

  • campo de control: 20240912132927.0

008 - DATOS DE LONGITUD FIJA

  • campo de control de longitud fija: 220928nn annnnbabn a ana |d

035 ## - NÚMERO DE CONTROL DEL SISTEMA

  • Número de control del sistema: UPN10000005665

040 ## - FUENTE DE LA CATALOGACIÓN

  • Centro catalogador de origen: MX-MxUPN
  • Lengua de catalogación: spa
  • Agencia de transcripción: MX-MxUPN

046 ## - FECHAS CON CODIFICACIÓN ESPECIAL

  • Fecha final para contenidos agregados: 2022

053 #4 - NÚMERO CLASIFICADOR - BIBLIOTECA DEL CONGRESO (LC)

  • Elemento numérico de la clasificación - Número único o no. inicial del rango: HQ809

150 ## - ENCABEZAMIENTO - TEMÁTICO

  • Término de materia o nombre geográfico como elemento inicial: Violencia familiar

450 ## - VÉASE - MATERIA

  • Encabezamiento temático: Violencia en la familia

450 ## - VÉASE - MATERIA

  • Encabezamiento temático: Violencia doméstica

450 ## - VÉASE - MATERIA

  • Encabezamiento temático: Violencia en el hogar

450 ## - VÉASE - MATERIA

  • Encabezamiento temático: Violencia intrafamiliar

550 ## - VÉASE ADEMÁS - MATERIA

  • Subcampo de control: h
  • Encabezamiento temático o nombre geográfico como elemento de entrada: Violencia conyugal

550 ## - VÉASE ADEMÁS - MATERIA

  • Subcampo de control: g
  • Encabezamiento temático o nombre geográfico como elemento de entrada: Violencia

670 ## - FUENTE EN LA QUE SE LOCALIZARON DATOS

  • Cita de la fuente: SHLC
  • Información localizada: Family violence (May sub. geog.)

902 ## - CATALOGADOR

  • Catalogador: BDV/210601